000 00338nam a2200145Ia 4500
008 230711s9999||||xx |||||||||||||| ||und||
041 _aENG
082 _a621
_bAN-M
100 _aAnderson,J.C
245 0 _aMaterials science
250 _a4th
260 _c1990
_aNew York
_bChapman & Hall
650 _aMechanical Engineering
942 _cBK
999 _c993
_d993